| 000 | 00000nam##2200000za#4500 |
| 001 | 9.572534 |
| 003 | CaOODSP |
| 005 | 20220111083111 |
| 007 | cr ||||||||||| |
| 008 | 150406|1998||||xxc|||||o f|0| 0 eng|d |
| 022 | |a1928-6414 |
| 040 | |aCaOODSP|beng |
| 043 | |an-cn--- |
| 086 | 1 |aNE22-1/1998-10E-PDF |
| 110 | 1 |aCanada. |bNational Energy Board. |
| 245 | 10|aReasons for decision in the matter of Trans Québec & Maritimes Pipeline Inc. PNGTS extension : |h[electronic resource]|bconsolidation of decision documents for Trans Québec & Maritime Pipeline Inc. PNGTS extension detailed route hearings |
| 246 | 1 |iVariant title : |aTrans Québec & Maritimes Pipeline Inc. PNGTS extension |
| 260 | |aCalgary - Alberta : |bNational Energy Board |cAugust 1998. |
| 300 | |a79p.|bglossary, map |
| 490 | 1 |aReasons for decision|x1928-6414|vMH-2-98 |
| 500 | |aCopy imperfect: Appendix I, p. 63-79 of 79 missing. The catalogue number (NE22-1/1998-10E) and ISBN (0-662-27348-6) for the print edition have been incorrectly copied in this electronic publication. |
| 590 | |a12-09-Supp|b2012-03-21 |
| 830 | #0|aReasons for decision (Canada. National Energy Board)|x1928-6414|vMH-2-98|w(CaOODSP)9.504480 |
| 856 | 40|ahttp://publications.gc.ca|qPDF|s273 KB|uhttps://publications.gc.ca/collections/Collection/NE22-1-1998-10E.pdf|yMH-2-98 |